| 000 | 00622nam a2200205 a 4500 | ||
|---|---|---|---|
| 999 |
_c920 _d920 |
||
| 001 | 920 | ||
| 003 | BD-JhCC | ||
| 005 | 20230208134023.0 | ||
| 008 | 171011s2003 bg |||| |||| 000 0 ben d | ||
| 035 | _a(BD-JhCC) 920 | ||
| 040 |
_aBD-JhCC _dBD-JhCC |
||
| 041 | _aben | ||
| 082 |
_a891.443 _bAHA 2003 |
||
| 100 | _aআহমেদ, হুমায়ূন | ||
| 245 |
_aএই শুভ! এই / _cহুমায়ূন আহমেদ |
||
| 260 |
_aঢাকা: _bঅন্যপ্রকাশ, _c২০০৩ |
||
| 300 |
_a১১২ পৃ.; _c২২ সে.মি. |
||
| 650 | _aBengali Novel | ||
| 942 |
_2ddc _cBK _010 |
||